000 01269nam a22003377a 4500
003 CHAP
005 20220329143403.0
008 090212s2008 mx a r 00010 spa d
010 _a95836
011 _a96808
035 _a107465
040 _cCHAP
090 _aTesis
100 1 _aHernández Archundia, Francisco Javier.
_953812
245 1 0 _aProducción de brinzales de mezquite Prosopis laevignata (H. and B. ex Willd.) M.L. Johnst, en Xaltocan, Estado de México
_c/por Francisco Javier Hernández Archundia
260 _aChapingo, Méx. :
_bEl autor,
_c2008
300 _ax, 54 h. :
_bilus., grafs.
502 _aTesis (Ing. en Restauración Forestal) -- UACH. División de Ciencias Forestales
590 _aALEPH
_b10
_c20130110
_lUCH01
_h1527
590 _aBATCH-UPD
_b10
_c20130110
_lUCH01
_h1241
590 _aBATCH-UPD
_b10
_c20130410
_lUCH01
_h0807
590 _aBATCH-UPD
_b10
_c20130914
_lUCH01
_h1312
590 _aCONVERSION
_b10
_c20130109
_lUCH01
_h1353
650 1 4 _aEnvases.
_937170
650 1 4 _aMezquite
_xGerminación.
_975370
650 1 4 _aMezquite
_xSemilla.
_975377
901 _aBK
942 _cFOLL
949 _aTesis
_bBC
_cTES
_d33724002085248
_eTS1
_h48829
_i107465
_sb
949 _aTesis
_bBC
_cTES
_d33724002085280
_eTS2
_fc..2
_h48830
_i107465
_sb
999 _c95836
_d95836